000 01036nam a22003137a 4500
001 5115
003 FISKH
005 20241106153651.0
008 241106b cb ||||| |||| 00| 0 eng d
020 _a9780064408233
040 _aFISKH
_beng
_cFISKH
_dFISKH
050 _aPZ7.C8615
082 _a813
100 _aCreech, Sharon
245 _aBloomability /
_cby Sharon Creech
250 _aFirst Harper Trophy edition , 1999
260 _aHarperTrophy :
_bNew York ;
_c1998 .
300 _a273 pages :
_billustrations , maps ;
_c20 cm .
505 _aU
520 _aWhen her aunt and uncle take her from New Mexico to Lugano, Switzerland, to attend an international school, thirteen-year-old Dinnie discovers an expanding world and her place within it.
521 8 _a850
_bLexile
521 8 _aU
_bRaz-Plus
650 _aBoarding school
_vFiction
650 _aSchools
_vFiction
650 _aSwitzerland
_vFiction
700 _aBerry, Holly
_eMap Illustrator
942 _2ddc
_cBK
_n0
999 _c5115
_d5115